[Event "CYCC U14 w"]
[Site "Ottawa CAN"]
[Date "2013.07.10"]
[Round "1"]
[White "Li, Kristen"]
[Black "Zhou, Qiyu"]
[Result "0-1"]
[WhiteElo "1375"]
[BlackElo "2160"]
[PlyCount "60"]
[GameId "2160767909334866"]
[EventDate "2013.07.10"]
[EventType "swiss"]
[EventRounds "6"]
[EventCountry "CAN"]
[SourceTitle "EXT 2022"]
[Source "ChessBase"]
[SourceDate "2021.10.06"]
[SourceVersion "1"]
[SourceVersionDate "2021.10.06"]
[SourceQuality "1"]

1. e4 c5 2. Nf3 d6 3. d4 cxd4 4. Nxd4 Nf6 5. Nc3 g6 6. Be3 Bg7 7. f3 O-O 8. Qd2 Nc6 9. O-O-O Bd7 10. h4 Rc8 11. Nxc6 Rxc6 12. Bb5 Rxc3 13. Bxd7 Rxe3 14. Qxe3 Nxd7 15. Qxa7 Qc7 16. g4 Nb6 17. Qa3 Nc4 18. Qb3 Bxb2+ 19. Kb1 Ra8 20. Rd5 Ra6 21. Rh2 Rb6 22. Rb5 Rxb5 23. Qxb5 Na3+ 24. Kxb2 Nxb5 25. h5 d5 26. Rg2 Qc3+ 27. Kc1 Qe3+ 28. Kb1 Na3+ 29. Kb2 Nc4+ 30. Kb1 Qe1# 0-1

[Event "CYCC U14 w"]
[Site "Ottawa CAN"]
[Date "2013.07.10"]
[Round "1"]
[White "Tao, Rachel"]
[Black "Pobereshnikova, Agniya"]
[Result "0-1"]
[WhiteElo "1677"]
[BlackElo "1353"]
[PlyCount "138"]
[GameId "2160767909334867"]
[EventDate "2013.07.10"]
[EventType "swiss"]
[EventRounds "6"]
[EventCountry "CAN"]
[SourceTitle "EXT 2022"]
[Source "ChessBase"]
[SourceDate "2021.10.06"]
[SourceVersion "1"]
[SourceVersionDate "2021.10.06"]
[SourceQuality "1"]

1. e4 c5 2. Nf3 Nc6 3. d4 cxd4 4. Nxd4 e5 5. Nb5 d6 6. N1c3 a6 7. Na3 b5 8. Nd5 Nce7 9. Be3 Be6 10. Bb6 Qc8 11. Nc7+ Kd7 12. Bxb5+ axb5 13. Naxb5 Nc6 14. Qd2 Ra4 15. O-O Nd4 16. Rfd1 Nxb5 17. Nxb5 Qc6 18. Bc7 Qxb5 19. Bxd6 Rd4 20. Qc3 Rxd1+ 21. Rxd1 Bxd6 22. a4 Qc6 23. Qxe5 f6 24. Qg3 Ne7 25. e5 fxe5 26. Qxe5 Kc7 27. Qxe6 Rd8 28. Qe2 Qxa4 29. b3 Qf4 30. g3 Qb4 31. Qh5 h6 32. c4 Qxb3 33. c5 Bxg3 34. Rxd8 Kxd8 35. hxg3 Qb1+ 36. Kg2 Qe4+ 37. Kg1 Qf5 38. Qd1+ Qd5 39. Qc2 Kc7 40. Qc3 Nf5 41. g4 Qd1+ 42. Kh2 Qxg4 43. Qa5+ Kc6 44. Qb6+ Kd5 45. c6 Qf4+ 46. Kh3 Qd6 47. Qb5+ Qc5 48. Qd3+ Kxc6 49. Qf3+ Qd5 50. Qc3+ Kd6 51. Qa3+ Ke6 52. Qa6+ Ke5 53. Qe2+ Kf6 54. Qb2+ Nd4 55. Qb6+ Qe6+ 56. Qxe6+ Nxe6 57. Kg4 Kg6 58. f4 h5+ 59. Kf3 Kf5 60. Kg3 Nxf4 61. Kh4 g5+ 62. Kg3 h4+ 63. Kh2 Kg4 64. Kg1 Kg3 65. Kh1 Nd3 66. Kg1 h3 67. Kh1 g4 68. Kg1 h2+ 69. Kh1 Nf2# 0-1

[Event "CYCC U14 w"]
[Site "Ottawa CAN"]
[Date "2013.07.10"]
[Round "1"]
[White "Tapp, Ashley"]
[Black "Tinica, Sabina"]
[Result "1-0"]
[WhiteElo "1481"]
[BlackElo "1146"]
[PlyCount "95"]
[GameId "2160767909334868"]
[EventDate "2013.07.10"]
[EventType "swiss"]
[EventRounds "6"]
[EventCountry "CAN"]
[SourceTitle "EXT 2022"]
[Source "ChessBase"]
[SourceDate "2021.10.06"]
[SourceVersion "1"]
[SourceVersionDate "2021.10.06"]
[SourceQuality "1"]

1. d4 Nf6 2. Nf3 g6 3. Bf4 Bg7 4. e3 Nc6 5. c3 d6 6. Bd3 O-O 7. O-O Bg4 8. Nbd2 Re8 9. h3 Bd7 10. Nc4 b5 11. Ncd2 a6 12. a4 bxa4 13. Rxa4 Nb8 14. Ra1 a5 15. b4 Nc6 16. b5 Nb8 17. Qb3 Be6 18. c4 Bc8 19. Qc3 c6 20. Rfb1 cxb5 21. cxb5 Nd5 22. Qb3 Be6 23. Bc4 Nxf4 24. exf4 d5 25. Bd3 Qb6 26. Qb2 Rc8 27. Rc1 Rxc1+ 28. Rxc1 Na6 29. Rc6 Qb7 30. Nb3 Nb8 31. Nc5 Nxc6 32. Nxb7 Nb4 33. Be2 Bf5 34. Nxa5 Nc2 35. Qc3 Rc8 36. Nc6 Bf8 37. b6 Bd7 38. Nfe5 Bxc6 39. Nxc6 Nxd4 40. Qxd4 Rxc6 41. b7 Rc1+ 42. Kh2 Rb1 43. Qa7 Re1 44. b8=Q Rxe2 45. Qaa8 Kg7 46. Qxf8+ Kf6 47. Qxd5 e6 48. Qg5# 1-0

[Event "CYCC U14 w"]
[Site "Ottawa CAN"]
[Date "2013.07.10"]
[Round "1"]
[White "Thanabalachandran, Luxiga"]
[Black "Gao, Christine"]
[Result "0-1"]
[WhiteElo "1025"]
[BlackElo "1399"]
[PlyCount "126"]
[GameId "2160767909334869"]
[EventDate "2013.07.10"]
[EventType "swiss"]
[EventRounds "6"]
[EventCountry "CAN"]
[SourceTitle "EXT 2022"]
[Source "ChessBase"]
[SourceDate "2021.10.06"]
[SourceVersion "1"]
[SourceVersionDate "2021.10.06"]
[SourceQuality "1"]

1. e4 c5 2. c3 d6 3. d4 cxd4 4. cxd4 Nf6 5. Bd3 g6 6. e5 dxe5 7. dxe5 Nfd7 8. Nf3 Bg7 9. Bf4 Qa5+ 10. Nc3 O-O 11. Rc1 Nxe5 12. Nxe5 Bxe5 13. Bd2 Qd8 14. Bc4 Nc6 15. O-O a6 16. a4 Bf5 17. Re1 Qd6 18. g3 Rfd8 19. Bg5 Qxd1 20. Rexd1 Rxd1+ 21. Rxd1 e6 22. Rd7 Na5 23. f4 Bxc3 24. bxc3 Nxc4 25. Rxb7 Rc8 26. Bf6 Nd6 27. Rb6 Ne4 28. Bd4 Nxc3 29. Bxc3 Rxc3 30. Rxa6 Be4 31. a5 Ra3 32. g4 Rf3 33. Rb6 Rxf4 34. a6 Rxg4+ 35. Kf2 Bd5 36. Ke3 Ra4 37. Kd3 Bc4+ 38. Ke3 Rxa6 39. Rb4 Bd5 40. Kf4 Ra2 41. h4 Kg7 42. Ke5 Re2+ 43. Kf4 Rc2 44. Rd4 Rc4 45. Rxc4 Bxc4 46. Ke4 f5+ 47. Kf4 Kf6 48. Kf3 e5 49. Kf2 f4 50. Kf3 Kf5 51. Kg2 Kg4 52. Kf2 e4 53. Kg2 f3+ 54. Kf2 Kf4 55. Ke1 Ke3 56. Kd1 f2 57. Kc2 f1=Q 58. Kc3 Qd3+ 59. Kb4 Qd5 60. Kc3 Qb5 61. Kc2 Qb3+ 62. Kc1 Bd3 63. h5 Qc2# 0-1

[Event "CYCC U14 w"]
[Site "Ottawa CAN"]
[Date "2013.07.10"]
[Round "2"]
[White "Goonveda, Jutton"]
[Black "Tao, Rachel"]
[Result "0-1"]
[WhiteElo "678"]
[BlackElo "1677"]
[PlyCount "52"]
[GameId "2160767909334870"]
[EventDate "2013.07.10"]
[EventType "swiss"]
[EventRounds "6"]
[EventCountry "CAN"]
[SourceTitle "EXT 2022"]
[Source "ChessBase"]
[SourceDate "2021.10.06"]
[SourceVersion "1"]
[SourceVersionDate "2021.10.06"]
[SourceQuality "1"]

1. e4 e6 2. f3 d5 3. d4 c5 4. Be3 Qb6 5. dxc5 Bxc5 6. Qd2 Bxe3 7. Qe2 Bxg1 8. Nc3 Qxb2 9. Rd1 Qxc3+ 10. Rd2 Be3 11. Qb5+ Nc6 12. Qe2 d4 13. Qd1 Bxd2+ 14. Qxd2 Qxd2+ 15. Kxd2 e5 16. c3 Be6 17. Kd3 dxc3 18. Kxc3 Bxa2 19. Bb5 Rc8 20. Rd1 a6 21. Ba4 b5 22. Bc2 Nd4+ 23. Kb4 Rxc2 24. Rd3 Nc6+ 25. Ka3 Bc4 26. Rd6 Ra2# 0-1

[Event "CYCC U14 w"]
[Site "Ottawa CAN"]
[Date "2013.07.10"]
[Round "2"]
[White "Peng, Janet"]
[Black "Forshaw, Erica"]
[Result "0-1"]
[WhiteElo "1537"]
[BlackElo "1386"]
[PlyCount "120"]
[GameId "2160767909334871"]
[EventDate "2013.07.10"]
[EventType "swiss"]
[EventRounds "6"]
[EventCountry "CAN"]
[SourceTitle "EXT 2022"]
[Source "ChessBase"]
[SourceDate "2021.10.06"]
[SourceVersion "1"]
[SourceVersionDate "2021.10.06"]
[SourceQuality "1"]

1. d4 Nf6 2. Nf3 g6 3. Bf4 Bg7 4. e3 d6 5. Be2 O-O 6. h3 Bd7 7. O-O Na6 8. c4 c5 9. Nc3 cxd4 10. exd4 Rc8 11. Qb3 Bc6 12. Rfd1 Nh5 13. Bh2 Qa5 14. d5 Nc5 15. Qc2 Bd7 16. Nd4 Nf6 17. Rab1 Qd8 18. Bf4 a5 19. a3 a4 20. b4 axb3 21. Nxb3 Bf5 22. Qb2 Bxb1 23. Qxb1 Nfd7 24. Ne4 Nxe4 25. Qxe4 Ra8 26. Qc2 Rxa3 27. Nd4 Nc5 28. h4 Qa5 29. Bf3 Ra1 30. Be3 Rxd1+ 31. Qxd1 Qc3 32. Be2 Rc8 33. h5 Nd7 34. Bg4 Ra8 35. Kh2 Ne5 36. Bh3 Nxc4 37. Nb5 Nxe3 38. fxe3 Qe5+ 39. g3 Qxe3 40. hxg6 Ra2+ 41. Bg2 Qf2 42. gxf7+ Kxf7 43. Qh5+ Kf8 44. Qh3 Qd2 45. Nc7 Qh6 46. Ne6+ Kg8 47. Nxg7 Kxg7 48. Qxh6+ Kxh6 49. Kh3 b5 50. g4 Rxg2 51. Kxg2 b4 52. Kf3 b3 53. Kf4 Kg6 54. g5 b2 55. Kg4 b1=Q 56. Kf3 Kxg5 57. Ke3 Qb4 58. Kd3 Kf4 59. Kc2 Qa3 60. Kd2 Ke4 0-1

[Event "CYCC U14 w"]
[Site "Ottawa CAN"]
[Date "2013.07.10"]
[Round "2"]
[White "Pobereshnikova, Agniya"]
[Black "Tapp, Ashley"]
[Result "0-1"]
[WhiteElo "1353"]
[BlackElo "1481"]
[PlyCount "138"]
[GameId "2160767909334872"]
[EventDate "2013.07.10"]
[EventType "swiss"]
[EventRounds "6"]
[EventCountry "CAN"]
[SourceTitle "EXT 2022"]
[Source "ChessBase"]
[SourceDate "2021.10.06"]
[SourceVersion "1"]
[SourceVersionDate "2021.10.06"]
[SourceQuality "1"]

1. e4 e6 2. d4 d5 3. Nd2 c5 4. Ngf3 Nc6 5. c3 cxd4 6. cxd4 Bb4 7. e5 Nge7 8. a3 Ba5 9. b4 Bb6 10. Nb3 Nf5 11. Be2 O-O 12. O-O Bd7 13. Qd2 a6 14. Rd1 Na7 15. a4 Qe8 16. a5 Bd8 17. Nc5 Bc6 18. Qc2 Rc8 19. g4 Nh4 20. Qb3 Nxf3+ 21. Qxf3 f6 22. Qe3 fxe5 23. Qxe5 Bd7 24. Nxb7 Bc7 25. Qe3 Nb5 26. Nc5 Qe7 27. Qg5 Qf7 28. Qe3 Nc3 29. Re1 Nxe2+ 30. Qxe2 Ra8 31. Ra2 Bc8 32. Rc2 Bd6 33. h3 Qe7 34. Rc3 Kh8 35. Bd2 Rb8 36. Re3 Bf4 37. Rf3 Bxd2 38. Rxf8+ Qxf8 39. Qxd2 Qd6 40. Re3 Kg8 41. Qe1 Kf8 42. Rb3 Rb5 43. Qe3 Bd7 44. Nxd7+ Qxd7 45. Qf4+ Ke7 46. Qe5 Ke8 47. f4 Qe7 48. f5 exf5 49. gxf5 Kf7 50. Re3 Qxe5 51. dxe5 Rxb4 52. e6+ Ke8 53. Re5 Rb5 54. Kf2 Rxa5 55. Ke3 d4+ 56. Kxd4 Rxe5 57. Kxe5 a5 58. h4 Ke7 59. Kd4 a4 60. Kc3 g6 61. Kb4 gxf5 62. Kxa4 Kxe6 63. Kb3 Kd5 64. Kc3 Ke4 65. Kd2 Kf3 66. Kd3 f4 67. Kd4 Kg3 68. Ke4 f3 69. Ke3 Kg2 0-1

[Event "CYCC U14 w"]
[Site "Ottawa CAN"]
[Date "2013.07.10"]
[Round "2"]
[White "Thanabalachandran, Luxiga"]
[Black "Bai, Minya"]
[Result "0-1"]
[WhiteElo "1025"]
[BlackElo "1201"]
[PlyCount "86"]
[GameId "2160767909334873"]
[EventDate "2013.07.10"]
[EventType "swiss"]
[EventRounds "6"]
[EventCountry "CAN"]
[SourceTitle "EXT 2022"]
[Source "ChessBase"]
[SourceDate "2021.10.06"]
[SourceVersion "1"]
[SourceVersionDate "2021.10.06"]
[SourceQuality "1"]

1. e4 c6 2. d4 d5 3. exd5 cxd5 4. Nf3 Nc6 5. Nc3 Nf6 6. Bb5 Bg4 7. Be3 e6 8. a3 a6 9. Bxc6+ bxc6 10. h3 Bh5 11. O-O Bd6 12. Re1 O-O 13. Bg5 h6 14. Be3 Rb8 15. Rb1 Qc7 16. g3 Bxg3 17. Kg2 Bd6 18. Qd3 Bxf3+ 19. Kxf3 e5 20. Bd2 e4+ 21. Nxe4 dxe4+ 22. Rxe4 Nxe4 23. Qxe4 Rfe8 24. Qg4 Re6 25. Rg1 Rf6+ 26. Ke2 Re8+ 27. Kf1 Rg6 28. Qf3 Rxg1+ 29. Kxg1 Re6 30. Kf1 Rf6 31. Qe3 Qd7 32. Qd3 Qe7 33. Qxa6 Rg6 34. Qxc6 Bh2 35. Qh1 Rg1+ 36. Qxg1 Bxg1 37. Kxg1 Qe2 38. Bc3 Qxc2 39. Kg2 g5 40. Kg3 Kg7 41. f4 Qd3+ 42. Kg4 f5+ 43. Kh5 Qxh3# 0-1

[Event "CYCC U14 w"]
[Site "Ottawa CAN"]
[Date "2013.07.10"]
[Round "2"]
[White "Tinica, Sabina"]
[Black "Li, Kristen"]
[Result "1/2-1/2"]
[WhiteElo "1146"]
[BlackElo "1375"]
[PlyCount "106"]
[GameId "2160767909334874"]
[EventDate "2013.07.10"]
[EventType "swiss"]
[EventRounds "6"]
[EventCountry "CAN"]
[SourceTitle "EXT 2022"]
[Source "ChessBase"]
[SourceDate "2021.10.06"]
[SourceVersion "1"]
[SourceVersionDate "2021.10.06"]
[SourceQuality "1"]

1. d4 Nf6 2. c4 g6 3. Nc3 Bg7 4. e4 d6 5. Be2 O-O 6. Bg5 Na6 7. a3 e5 8. dxe5 dxe5 9. Nf3 Nc5 10. Qxd8 Rxd8 11. Bxf6 Bxf6 12. O-O c6 13. Rfd1 Be6 14. Rab1 Nb3 15. Na4 b6 16. Nc3 Nd4 17. Nxd4 Rxd4 18. Rxd4 exd4 19. Na2 c5 20. b4 Rd8 21. Bd3 b5 22. Rc1 bxc4 23. Bxc4 Bxc4 24. Rxc4 d3 25. Rc1 Bb2 26. Rd1 Bxa3 27. bxc5 Bxc5 28. Nc3 Bb4 29. Nd5 a5 30. Rxd3 Rc8 31. g3 Rc4 32. Nxb4 axb4 33. f3 Rc1+ 34. Kf2 Rc2+ 35. Kg1 Rb2 36. Rd8+ Kg7 37. Rb8 Rb1+ 38. Kg2 b3 39. Kh3 Kf6 40. Rb5 b2 41. f4 h5 42. Rb6+ Ke7 43. Kh4 Kd7 44. e5 Kc7 45. Rb3 Kd7 46. Kg5 Ke6 47. Rb6+ Ke7 48. Kh6 Kd7 49. Kg7 Ke7 50. Rb7+ Ke6 51. Rb6+ Ke7 52. Rb7+ Ke6 53. Rb6+ Ke7 1/2-1/2

[Event "CYCC U14 w"]
[Site "Ottawa CAN"]
[Date "2013.07.10"]
[Round "2"]
[White "Zhou, Qiyu"]
[Black "Gao, Christine"]
[Result "1-0"]
[WhiteElo "2160"]
[BlackElo "1399"]
[PlyCount "81"]
[GameId "2160767909334875"]
[EventDate "2013.07.10"]
[EventType "swiss"]
[EventRounds "6"]
[EventCountry "CAN"]
[SourceTitle "EXT 2022"]
[Source "ChessBase"]
[SourceDate "2021.10.06"]
[SourceVersion "1"]
[SourceVersionDate "2021.10.06"]
[SourceQuality "1"]

1. e4 c5 2. Nf3 d6 3. d4 cxd4 4. Nxd4 Nf6 5. Nc3 g6 6. Be3 Bg7 7. f3 O-O 8. Qd2 Nc6 9. O-O-O d5 10. Qe1 Qc7 11. Nxd5 Nxd5 12. exd5 Nxd4 13. Bxd4 Bf5 14. Qf2 Rac8 15. Bd3 Qf4+ 16. Be3 Qb4 17. c3 Bxc3 18. Kb1 Bxd3+ 19. Rxd3 Rc4 20. Rxc3 Rxc3 21. Bd2 Rfc8 22. Qe1 Qd6 23. Bxc3 Qxd5 24. Qd1 Qf5+ 25. Qc2 Qc5 26. Rd1 Qc7 27. Qd3 e5 28. Qd7 Qxd7 29. Rxd7 f6 30. Rxb7 Ra8 31. Kc2 a6 32. a4 h5 33. Kd2 Rd8+ 34. Ke2 Rd6 35. a5 Rc6 36. Rb6 Rc5 37. Rxf6 Kh7 38. Rxa6 Rb5 39. Ra8 Rb7 40. Bxe5 Re7 41. Rh8# 1-0

[Event "CYCC U14 w"]
[Site "Ottawa CAN"]
[Date "2013.07.11"]
[Round "3"]
[White "Forshaw, Erica"]
[Black "Tao, Rachel"]
[Result "1-0"]
[WhiteElo "1386"]
[BlackElo "1677"]
[PlyCount "117"]
[GameId "2160767909334876"]
[EventDate "2013.07.10"]
[EventType "swiss"]
[EventRounds "6"]
[EventCountry "CAN"]
[SourceTitle "EXT 2022"]
[Source "ChessBase"]
[SourceDate "2021.10.06"]
[SourceVersion "1"]
[SourceVersionDate "2021.10.06"]
[SourceQuality "1"]

1. c4 Nf6 2. g3 e6 3. Bg2 d5 4. b3 c6 5. Bb2 Nbd7 6. Nc3 Be7 7. d3 O-O 8. e3 Re8 9. Nge2 b6 10. cxd5 exd5 11. O-O Bb7 12. Rc1 Nf8 13. Nd4 Qd7 14. Nf3 Ng6 15. Ng5 h6 16. Bh3 Qd6 17. Nf3 Bc8 18. Bg2 Bd7 19. Re1 Nh7 20. Qc2 Rac8 21. e4 Bf6 22. d4 Be7 23. e5 Qe6 24. Nd2 Qg4 25. h3 Qe6 26. f4 f5 27. Nf1 c5 28. Bxd5 cxd4 29. Bxe6+ Bxe6 30. Qd3 dxc3 31. Rxc3 Bc5+ 32. Ne3 Rcd8 33. Qe2 Ne7 34. Kh2 Bb4 35. Rd1 Bxc3 36. Rxd8 Rxd8 37. Bxc3 Nf8 38. Nc4 Nd5 39. Qd2 Rd7 40. Nd6 Rc7 41. Bb4 Nd7 42. Nxf5 Nxb4 43. Ne7+ Kf7 44. Qxb4 Rc2+ 45. Kg1 Bxh3 46. f5 Nxe5 47. Qe4 Rg2+ 48. Kh1 Kxe7 49. Qxe5+ Kf8 50. f6 gxf6 51. Qxf6+ Ke8 52. Qxh6 Rxg3 53. Qc6+ Bd7 54. Qe4+ Kd8 55. Qh4+ Kc8 56. Qxg3 Bc6+ 57. Kg1 Kb7 58. Qg7+ Ka6 59. a4 1-0

[Event "CYCC U14 w"]
[Site "Ottawa CAN"]
[Date "2013.07.11"]
[Round "3"]
[White "Gao, Christine"]
[Black "Bai, Minya"]
[Result "1-0"]
[WhiteElo "1399"]
[BlackElo "1201"]
[PlyCount "105"]
[GameId "2160767909334877"]
[EventDate "2013.07.10"]
[EventType "swiss"]
[EventRounds "6"]
[EventCountry "CAN"]
[SourceTitle "EXT 2022"]
[Source "ChessBase"]
[SourceDate "2021.10.06"]
[SourceVersion "1"]
[SourceVersionDate "2021.10.06"]
[SourceQuality "1"]

1. e4 c6 2. d4 d5 3. e5 Bf5 4. Bd3 Bxd3 5. Qxd3 e6 6. Nf3 Nd7 7. O-O c5 8. c3 Qc7 9. Nbd2 Ne7 10. Nh4 Nc6 11. f4 cxd4 12. cxd4 Nxd4 13. Nb3 Nc5 14. Qxd4 Nxb3 15. Qa4+ Qc6 16. Qxc6+ bxc6 17. axb3 Bc5+ 18. Kh1 Rb8 19. Rf3 Be7 20. g3 Bxh4 21. gxh4 Rb7 22. Rc3 Kd7 23. Ra6 Rc8 24. Be3 Rcc7 25. Bc5 g6 26. b4 h5 27. Rca3 Kc8 28. Rxa7 Rxa7 29. Rxa7 Rxa7 30. Bxa7 Kb7 31. Bc5 Ka6 32. Kg2 Kb5 33. b3 d4 34. Kf3 d3 35. Ke3 Ka6 36. Kxd3 Kb5 37. Kc3 Ka6 38. Kc4 Kb7 39. b5 cxb5+ 40. Kxb5 Kc7 41. Bd6+ Kb7 42. b4 Ka7 43. Kc6 Ka6 44. b5+ Ka5 45. b6 Ka4 46. b7 Kb3 47. b8=Q+ Kc4 48. Qb4+ Kd3 49. Bc5 Ke2 50. Qc3 Kd1 51. Qb2 Ke1 52. Qc2 Kf1 53. Qf2# 1-0

[Event "CYCC U14 w"]
[Site "Ottawa CAN"]
[Date "2013.07.11"]
[Round "3"]
[White "Kathirkamar, Vaanie"]
[Black "Peng, Janet"]
[Result "0-1"]
[WhiteElo "945"]
[BlackElo "1537"]
[PlyCount "114"]
[GameId "2160767909334878"]
[EventDate "2013.07.10"]
[EventType "swiss"]
[EventRounds "6"]
[EventCountry "CAN"]
[SourceTitle "EXT 2022"]
[Source "ChessBase"]
[SourceDate "2021.10.06"]
[SourceVersion "1"]
[SourceVersionDate "2021.10.06"]
[SourceQuality "1"]

1. e4 e6 2. d3 d5 3. Nd2 Nf6 4. g3 Be7 5. Bg2 O-O 6. Ngf3 c5 7. O-O Nc6 8. e5 Nd7 9. Re1 Qc7 10. c4 dxc4 11. Nxc4 Rd8 12. Bf4 Nf8 13. Ng5 Ng6 14. Be4 h6 15. Nh3 Rb8 16. Qh5 Nxf4 17. Nxf4 b5 18. Ne3 Nxe5 19. h3 Nc6 20. h4 Bb7 21. g4 Qxf4 22. g5 Bxg5 23. hxg5 Qxg5+ 24. Qxg5 hxg5 25. Kg2 Ne5 26. Bxb7 Rxb7 27. Rh1 Nxd3 28. Rab1 Rc7 29. Rh2 f6 30. Ng4 c4 31. Rbh1 Kf7 32. Rh7 b4 33. R1h6 Ke7 34. Rxf6 Kd6 35. Nh6 gxf6 36. Nf7+ Rxf7 37. Rxf7 c3 38. bxc3 bxc3 39. Rh7 c2 40. Rh1 c1=Q 41. Rxc1 Nxc1 42. a4 Rc8 43. a5 Rc5 44. a6 Ra5 45. Kg3 Rxa6 46. f4 gxf4+ 47. Kxf4 e5+ 48. Ke4 Ra4+ 49. Ke3 f5 50. Kd2 e4 51. Kxc1 f4 52. Kd2 f3 53. Ke3 Kd5 54. Kd2 f2 55. Kc2 f1=Q 56. Kd2 Ra2+ 57. Ke3 Qf3# 0-1

[Event "CYCC U14 w"]
[Site "Ottawa CAN"]
[Date "2013.07.11"]
[Round "3"]
[White "Tinica, Sabina"]
[Black "Goonveda, Jutton"]
[Result "1-0"]
[WhiteElo "1166"]
[BlackElo "678"]
[PlyCount "123"]
[GameId "2160767909334880"]
[EventDate "2013.07.10"]
[EventType "swiss"]
[EventRounds "6"]
[EventCountry "CAN"]
[SourceTitle "EXT 2022"]
[Source "ChessBase"]
[SourceDate "2021.10.06"]
[SourceVersion "1"]
[SourceVersionDate "2021.10.06"]
[SourceQuality "1"]

1. d4 f6 2. c4 e5 3. e3 Bb4+ 4. Bd2 Nc6 5. d5 Bxd2+ 6. Qxd2 Nce7 7. e4 d6 8. Nc3 Bd7 9. Be2 c6 10. dxc6 Bxc6 11. Nd5 f5 12. f3 Nf6 13. Nxe7 Qxe7 14. exf5 Rd8 15. Rd1 d5 16. cxd5 Bxd5 17. Qa5 b6 18. Qa4+ Rd7 19. Bb5 Qf7 20. Qxa7 O-O 21. Bxd7 Nxd7 22. Ne2 Ra8 23. Qc7 Rxa2 24. Qd8+ Nf8 25. Rxd5 Ra7 26. O-O Qxf5 27. Nd4 Qf6 28. Rd6 Qxd8 29. Rxd8 exd4 30. Rxd4 h6 31. Rb4 Nd7 32. Rd1 Rb7 33. Rbd4 Nc5 34. b4 Nb3 35. Rd7 Rb8 36. Rd8+ Rxd8 37. Rxd8+ Kh7 38. Rb8 Nd2 39. Rxb6 Nc4 40. Rc6 Ne5 41. b5 g5 42. Rc7+ Kg6 43. b6 g4 44. fxg4 Nxg4 45. b7 h5 46. b8=Q Kg5 47. Qd8+ Kf5 48. Rc5+ Ne5 49. Rxe5+ Kxe5 50. Kf2 Kf5 51. Qh4 Kg6 52. Kf3 Kh6 53. g4 Kg6 54. Qxh5+ Kf6 55. Ke4 Ke6 56. Qg6+ Kd7 57. Kd5 Kc7 58. Qc6+ Kd8 59. Ke5 Ke7 60. Qb7+ Kf8 61. Kf6 Ke8 62. Qe7# 1-0

[Event "CYCC U14 w"]
[Site "Ottawa CAN"]
[Date "2013.07.31"]
[Round "3"]
[White "Tapp, Ashley"]
[Black "Zhou, Qiyu"]
[Result "0-1"]
[WhiteElo "1481"]
[BlackElo "2160"]
[PlyCount "98"]
[GameId "2160767909334881"]
[EventDate "2013.07.10"]
[EventType "swiss"]
[EventRounds "6"]
[EventCountry "CAN"]
[SourceTitle "EXT 2022"]
[Source "ChessBase"]
[SourceDate "2021.10.06"]
[SourceVersion "1"]
[SourceVersionDate "2021.10.06"]
[SourceQuality "1"]

1. d4 Nf6 2. Nf3 e6 3. Bg5 b6 4. e3 Bb7 5. Bd3 Be7 6. Nbd2 d6 7. O-O Nc6 8. c3 h6 9. Bh4 Qd7 10. Qe2 O-O-O 11. b4 g5 12. Bg3 Rdg8 13. Ne1 h5 14. f3 h4 15. Bf2 g4 16. fxg4 Rxg4 17. Ba6 e5 18. Bxb7+ Kxb7 19. a4 exd4 20. exd4 Rhg8 21. Qf3 Kb8 22. a5 Nh5 23. Be3 h3 24. axb6 cxb6 25. Qf5 Qe6 26. Qxe6 fxe6 27. Rf7 Bh4 28. b5 Na5 29. Ndf3 Bxe1 30. Rxe1 Rxg2+ 31. Kf1 Nc4 32. Rh7 Rf8 33. Re2 Rxf3+ 34. Bf2 Nf4 35. Ra2 Na5 36. Rh8+ Kc7 37. Rh7+ Kd8 38. Rf7 Rxh2 39. Kg1 Rg2+ 40. Kh1 Rgxf2 41. Ra1 Ne2 42. Rxf3 Rxf3 43. Kh2 Nxc3 44. Re1 Kd7 45. Rg1 Rf7 46. Kxh3 Rh7+ 47. Kg2 Rg7+ 48. Kf2 Rxg1 49. Kxg1 Nxb5 0-1

[Event "CYCC U14 w"]
[Site "Ottawa CAN"]
[Date "2013.07.11"]
[Round "4"]
[White "Bai, Minya"]
[Black "Kathirkamar, Vaanie"]
[Result "1-0"]
[WhiteElo "1201"]
[BlackElo "945"]
[PlyCount "107"]
[GameId "2160767909334882"]
[EventDate "2013.07.10"]
[EventType "swiss"]
[EventRounds "6"]
[EventCountry "CAN"]
[SourceTitle "EXT 2022"]
[Source "ChessBase"]
[SourceDate "2021.10.06"]
[SourceVersion "1"]
[SourceVersionDate "2021.10.06"]
[SourceQuality "1"]

1. c4 e5 2. Nc3 Bb4 3. Nf3 Bxc3 4. dxc3 Nc6 5. g3 f5 6. e3 Nf6 7. Bg2 O-O 8. O-O d6 9. a3 Qe8 10. b4 Qh5 11. Bb2 f4 12. exf4 exf4 13. Nd4 Qh6 14. Bc1 Nxd4 15. Bxf4 Qg6 16. cxd4 Kh8 17. Re1 Re8 18. Rxe8+ Qxe8 19. Qe1 Qh5 20. Qd1 Bg4 21. Qd2 Re8 22. Re1 Rxe1+ 23. Qxe1 h6 24. c5 dxc5 25. dxc5 c6 26. Qe7 Bf3 27. Bxf3 Qxf3 28. Qxb7 Ng4 29. Be3 Qd1+ 30. Kg2 Qd5+ 31. Kh3 Qh5+ 32. Kg2 Qxh2+ 33. Kf3 Ne5+ 34. Ke4 Qh5 35. Qc8+ Kh7 36. Qf5+ Qxf5+ 37. Kxf5 Nc4 38. Bc1 g6+ 39. Ke4 Nxa3 40. Bxa3 h5 41. Ke5 Kg7 42. Bc1 Kf7 43. Kd6 Kf6 44. Kxc6 Ke7 45. Kb7 g5 46. c6 h4 47. gxh4 gxh4 48. Bf4 h3 49. c7 a5 50. bxa5 Kf6 51. c8=Q Kg6 52. Qf8 Kh5 53. Qg7 h2 54. Qg5# 1-0

[Event "CYCC U14 w"]
[Site "Ottawa CAN"]
[Date "2013.07.11"]
[Round "4"]
[White "Gao, Christine"]
[Black "Tapp, Ashley"]
[Result "1/2-1/2"]
[WhiteElo "1399"]
[BlackElo "1481"]
[PlyCount "170"]
[GameId "2160767909334883"]
[EventDate "2013.07.10"]
[EventType "swiss"]
[EventRounds "6"]
[EventCountry "CAN"]
[SourceTitle "EXT 2022"]
[Source "ChessBase"]
[SourceDate "2021.10.06"]
[SourceVersion "1"]
[SourceVersionDate "2021.10.06"]
[SourceQuality "1"]

1. e4 e6 2. d4 d5 3. e5 c5 4. c3 Nc6 5. Nf3 Qb6 6. a3 cxd4 7. cxd4 Nge7 8. b4 Nf5 9. Be3 Be7 10. Bd3 O-O 11. Bc2 Bd7 12. O-O Rac8 13. Qd3 g6 14. Nc3 Nxe3 15. fxe3 a6 16. Na4 Qc7 17. Nc5 Nb8 18. Nxd7 Nxd7 19. Rac1 Nb6 20. Nd2 Qc3 21. Nb3 Qxd3 22. Bxd3 Nc4 23. Nc5 Nxa3 24. Nxb7 Bxb4 25. Kf2 a5 26. Ra1 Rc3 27. Rfd1 Rb8 28. Ba6 Ra8 29. Bd3 Ra7 30. Nd6 Bxd6 31. exd6 Nc4 32. Bxc4 Rxc4 33. d7 Rxd7 34. Rxa5 Rb7 35. Ra2 Rb3 36. Re2 Rcc3 37. Kf3 Kg7 38. g4 Rd3 39. Rxd3 Rxd3 40. g5 Rd1 41. Kg2 f6 42. gxf6+ Kxf6 43. Rf2+ Kg5 44. Rf7 h5 45. Rf4 Rd2+ 46. Kg3 Rd3 47. h4+ Kh6 48. Kf3 Kg7 49. Ke2 Rc3 50. Kf3 Rc7 51. e4 dxe4+ 52. Rxe4 Rf7+ 53. Kg3 Rf6 54. Kg2 Kf7 55. Kg3 Ke7 56. d5 Kf7 57. dxe6+ Rxe6 58. Rf4+ Rf6 59. Rd4 Ke6 60. Re4+ Kd5 61. Ra4 Ke5 62. Rb4 Rd6 63. Rb3 Ke4 64. Rf3 Rd1 65. Ra3 Rg1+ 66. Kh2 Rg4 67. Kh3 Kf4 68. Rb3 Rg1 69. Rb4+ Ke3 70. Rb3+ Kd4 71. Rb4+ Kc3 72. Rf4 Kd3 73. Ra4 Ke3 74. Ra3+ Kf4 75. Ra4+ Kf5 76. Ra5+ Kf6 77. Ra6+ Kg7 78. Ra4 Re1 79. Rf4 Re3+ 80. Kg2 Re5 81. Kh3 g5 82. hxg5 Rxg5 83. Kh4 Kg6 84. Kh3 Rf5 85. Rxf5 Kxf5 1/2-1/2